000 00813nam a2200229Ia 4500
003 OSt
005 20220923222553.0
006 a|||||r|||| 00| 0
007 ta
008 220922b |||||||| |||| 00| 0 hin d
024 _a206,081
037 _cTextual
040 _aARTS
_cARTS
_bhin
041 _2hin
_ahin
082 _aP111:3:g, 152K7
100 _aभाटिया, कैलाशचंद्
245 0 _aहिन्दी में अग्रेंजी के आगत शब्दो का भाषा तात्विक अध्ययन
246 _aHindī mean agreanjī ke āgat shabdo kā bhāṣhā tātvik adhyayana
260 _c1967
942 _hP111:3:g, 152K7
_cTEXL
_2CC
999 _c356760
_d356760